Warframe / Guess the frame based on a description - Statistics

General Stats
  • This quiz has been taken 10 times
  • The average score is 44 of 64
Answer Stats
Hint Answer % Correct
A Warframe named after the norse god of deceit, lies and trickery, very fitting to the warframe's abilities as well. Loki
100%
A Warframe able to transform into a pixie with glocks Titania
100%
A Warframe focused on traps and engineering to immobilize and dispatch enemies Vauban
100%
A Warframe said to have destroyed a meteor with a single punch from it's fist. Atlas
89%
A Warframe named after a legendary sword Excalibur
89%
A Warframe whose kit can freeze enemies in their track as well as shattering them Frost
89%
A Warframe know for it's high speed and kinetic resistances Gauss
89%
A Warframe based on pirates and the myth of the sea monster known as the "kraken" Hydroid
89%
A Warframe who spreads sand all over the battlefield and summons insects to defend itself. Inaros
89%
A Warframe who has mastered death and utilizes it for it's own gain and loot Nekros
89%
A Warframe who has mastered molecules and is able to prime enemies to make them go slow or fast. Nova
89%
A Warframe who goes berserk at any hostiles nearby Valkyr
89%
MONKE Wukong
89%
A Warframe able to master the four base elements (heat, cold, electricity and toxin) Chroma
78%
A Warframe able to spread chaotic flames across the battlefield Ember
78%
A Warframe able to paint the battlefield full of ink Follie
78%
A Warframe who devours it's opponents whole consuming them for nourishment in it's gut. Grendel
78%
A Warframe who doesn't utilize energy to cast abilities, but shields. Hildryn
78%
A Warframe archer able to sneak past enemy scanners, cameras and forcefields finding the right spot to emerge. Ivara
78%
A Warframe whose power originally was used as a way of execution in the orokin empire Jade
78%
A Warframe able to spread fire, teleport and impale enemies on mystical spears. Nezha
78%
A Warframe originating from the infested, gaining and utilizing stacks of it's passive to avoid death. Nidus
78%
A Warframe who charges into battle head first and granting tons of damage boost and defense to it's allies. Rhino
78%
A Warframe named after a deadly gas, owing to it's toxic nature. Saryn
78%
A Warframe based on rock n' roll utilizing an infested guitar to shoot flames and debuffs. Temple
78%
A Warframe able to redirect damage and statuses to nearby enemies while healing and protecting it's allies. Trinity
78%
A Warframe whose "shockingly" fast with a "shocking" kit and "shockingly" good buffs Volt
78%
A Warframe able to stay airborne endlessly aswell as summoning damaging tornadoes. Zephyr
78%
A Warframe based on an irish folktale about a wailing spirit said to predict death. Banshee
67%
A Warframe who originates from the sentients Caliban
67%
A Warframe whose crystal can be collected on the node Tyana Pass (Mirror defense) Citrine
67%
A Warframe who originated from the protoframe-sniper Quincy Isaacs Cyte-09
67%
A Warframe based on two aspects of one being. Night and Day. Equinox
67%
A Warframe ballerina who dances across the battlefield with a "shocking" performance. Gyre
67%
A Warframe who experiments on itself and blends the base elements to imbue it's abilities. Lavos
67%
A Warframe whose components were scattered across the star chart after it tried to enter the rift. Limbo
67%
A Warframe able to manipulate hostile projectiles and make them turn on their aggressors Mag
67%
A Warframe able to transform into a mini-me and gain speedboost aswell as free revives if abilities are nearby on being knocked down. Nokko
67%
A Warframe whose able to summon magical patches of grass to kill hostiles (i'm serious btw) Oberon
67%
A Warframe able to utilize the sound and beat of music to wreck havoc on the battlefield Octavia
67%
A Warframe who is able to revert time and utilize engineering to devastate opponents. Protea
67%
A Warframe who embodies nuclear reactors aswell as uranium Qorvex
67%
A Warframe who was once lost aboard a railjack known for it's rescue operations Sevagoth
67%
A Warframe who stands steady in battle generating energy and shield to allies. THIS IS SPARTA!!! Styanax
67%
A Warframe made up of three different other frames. Xaku
67%
A Warframe who was the inspirations of the k-drives Yareli
67%
A Warframe originating from a prestigious school of assasins. Acting as it's patron saint. Ash
56%
A Warframe who actually prefers peace and pacifism. Baruuk
56%
A Warframe who helped design and record the stories inside the leverian Dante
56%
A Warframe who sacrificed itself to protect the unum who live on the fields of eidolon Gara
56%
A Warframe based and named after a hindi god whose name translates to "Eagle" or "King of birds" Garuda
56%
A Warframe portrayed as a jester/joker of the royal court Mirage
56%
A Warframe who is the literal devil Uriel
56%
A Warframe known for it's buffs and ass-ets to the team. Wisp
56%
A Warframe whose face was destroyed by a laser after it was deemed useless Dagath
44%
A Warframe who sacrifices it's shield and energy to sustain buffs for it's team. Harrow
44%
A Warframe who is serving time for seven different crimes it commited. Kullervo
44%
A Warframe named after rock formations found in the wild west, yee haw! Mesa
44%
A Warframe named after the greek godess of the night and darkness. Nyx
44%
A Warframe able to turn enemies against eachother and dispatching them afterwards Revenant
44%
A Warframe based around the aspect of luck and chance, it's abilities effected by your luck every time you cast. Koumei
33%
A Warframe who rips and tears through enemy ranks while staying hidden Voruna
33%
A Warframe whose components were donated to the sanctuary by the warframe's own ethereal companion. Khora
22%
A Warframe able to summon minions after infecting enemies with it's abilities Oraxia
22%
No matching quizzes found
Score Distribution
Percent of People with Each Score
Percentile by Number Answered
Your Score History
You have not taken this quiz